<?xml version="1.0" encoding="UTF-8"?>
<collection xmlns="http://www.loc.gov/MARC21/slim">
 <record>
  <leader>01451nam a2200229 a 4500</leader>
  <controlfield tag="001">1/55692</controlfield>
  <controlfield tag="008">230307n20##    gr            000 0 eng d</controlfield>
  <datafield tag="024" ind1="0" ind2=" ">
   <subfield code="a">#5CD1087M7H</subfield>
  </datafield>
  <datafield tag="040" ind1=" " ind2=" ">
   <subfield code="a">GR-PeUP</subfield>
  </datafield>
  <datafield tag="245" ind1="0" ind2="0">
   <subfield code="a">HP ProBook 430 (φορητός υπολογιστής) /</subfield>
   <subfield code="c">Βιβλιοθήκη Πανεπιστημίου Πειραιώς.</subfield>
  </datafield>
  <datafield tag="260" ind1=" " ind2=" ">
   <subfield code="a">[Germany] :</subfield>
   <subfield code="b">HP Inc,</subfield>
   <subfield code="c">[20--;].</subfield>
  </datafield>
  <datafield tag="300" ind1=" " ind2=" ">
   <subfield code="a">1 Laptop +</subfield>
   <subfield code="e">1 φορτιστής λάπτοπ.</subfield>
  </datafield>
  <datafield tag="490" ind1="1" ind2=" ">
   <subfield code="a">Product ID 27JO6EA#AB7</subfield>
  </datafield>
  <datafield tag="500" ind1=" " ind2=" ">
   <subfield code="a">Περιλαμβάνει: Τροφοδοτικό.</subfield>
  </datafield>
  <datafield tag="500" ind1=" " ind2=" ">
   <subfield code="a">Μέγεθος οθόνης: 13'' - Ανάλυση οθόνης: 1920x1080 - Μνήμη RAM: 8GB - Τύπος Μνήμης: DDR4 - Σκληρός δίσκος: 512GB - Τύπος σκληρού δίσκου: SSD - Λειτουργικό Windows 10 PRO -  Θύρες: Ακουστικά, μικρόφωνο, HDMI - Συσκευή εισόδου: Πληκτρολόγιο, επιφάνεια αφής - Κάρτες μνήμης: SD.</subfield>
  </datafield>
  <datafield tag="500" ind1=" " ind2=" ">
   <subfield code="a">Ο εκάστοτε δανειζόμενος έχει την ευθύνη για τυχών φθορές.</subfield>
  </datafield>
  <datafield tag="650" ind1=" " ind2="0">
   <subfield code="a">Electronic computers.</subfield>
  </datafield>
  <datafield tag="650" ind1=" " ind2="0">
   <subfield code="a">Electronic apparatus and appliances.</subfield>
  </datafield>
  <datafield tag="650" ind1=" " ind2="4">
   <subfield code="a">Ηλεκτρονικοί υπολογιστές.</subfield>
  </datafield>
  <datafield tag="650" ind1=" " ind2="4">
   <subfield code="a">Ηλεκτρονικός εξοπλισμός και συσκευές.</subfield>
  </datafield>
  <datafield tag="852" ind1=" " ind2=" ">
   <subfield code="a">INST</subfield>
   <subfield code="b">UNIPILB</subfield>
   <subfield code="c">MMEDIA</subfield>
   <subfield code="e">20230324</subfield>
   <subfield code="p">00188550</subfield>
   <subfield code="q">00188550</subfield>
   <subfield code="t">LOAN</subfield>
   <subfield code="y">0</subfield>
   <subfield code="4">1</subfield>
  </datafield>
  <datafield tag="960" ind1=" " ind2=" ">
   <subfield code="a">ΑΛΜΠΑΝΗ ΤΑΝΙΑ</subfield>
  </datafield>
 </record>
</collection>
